Le 11 type de la ligue des champions 2021-2022 - Statistiques

Statistiques générales
  • Ce quiz a été pris 527 fois
  • Le résultat moyen est 9 sur 11
Statistiques - réponses
poste club joueur % Correct
G Real Madrid Courtois
99%
BU Real Madrid Benzema
96%
AD Paris Saint Germain Mbappé
96%
AG Real Madrid Vinicius Jr
94%
MC Real Madrid Modric
93%
MC Manchester Ctiy De Bruyne
92%
DC Liverpool Van Dijk
91%
DD Liverpool Alexander Arnold
82%
DG Liverpool Robertson
80%
DC Chelsea Rudiger
67%
MC Liverpool Fabinho
52%
Aucun quiz correspondant
Distribution des résultats
% des personnes avec chaque résultat
Percentile par nombre de réponses
Votre historique - résultats
Vous n’avez pas pris ce quiz